000 01128nam a22002657a 4500
005 20170124103114.0
010 _aB-200312
020 _c300.00
_a818853609
035 _aB-200312
037 _bCen Lib/Ret
040 _aDPL
_bHN
082 _a649.1
_bबालक
245 _aबालक और अभिभावक /
_cसंपादक उषा दत्त
246 _aBalak aur abhibhavak
_bsampadak Usha Dutt
260 _aदिल्ली
_bगुरुकुल विद्या पीठ प्रकाशन
_c2005
270 _aसी -9/96, यमुना विहार
_b दिल्ली
_e110053
300 _a228पृष्ठ. :
_c20सेमी(सजिल्द)
_bचित्र.
490 _aगिजू भाई ने कहा था रचनावली खंड -1
650 _aबच्चों की देखभाल
_980261
650 _aबाल महिमा
_91054
650 _aBabysitting
_980262
650 _aChild glory
_980263
700 _aदत्त,उषा
_980264
942 _2ddc
_cHN
_h649.1
_mबालक
999 _c118454
_d118454